000 00576nam a2200205Ia 4500
003 GCL
008 140319s9999 xx 000 0 ara d
040 _aGCL /
_cGCL
082 0 4 _aط:372.65
_bد ت
100 1 _aدار الجيل
245 1 0 _aتعلم وأكتب Learn And Write /
_cدار الجيل
260 _a[S.N] :
_bدار الجيل
300 _a55 ص
490 _a
650 0 4 _aالاطفال
650 0 4 _aتعليم الاطفال
650 0 4 _aاللغة الانجليزية
650 0 4 _aالكتابة الانجليزية
942 _2ddc
_cBK
999 _c56349
_d56349